[Event "3rd PGMA Cup"]
[Site "Manila PHI"]
[Date "2008.09.10"]
[Round "6"]
[White "Li Shilong"]
[Black "Segarra,R"]
[Result "1-0"]
[WhiteElo "2511"]
[BlackElo "2281"]

1.d4 Nf6 2.c4 g6 3.Nc3 Bg7 4.e4 d6 5.Nf3 O-O 6.Be2 e5 7.O-O Nc6 8.d5 Ne7
9.b4 Nh5 10.Re1 f5 11.Ng5 Nf6 12.Bf3 c6 13.b5 cxb5 14.cxb5 h6 15.Ne6 Bxe6
16.dxe6 fxe4 17.Nxe4 Nxe4 18.Bxe4 d5 19.Ba3 dxe4 20.Qxd8 Rfxd8 21.Bxe7 Re8
22.Bc5 b6 23.Be3 Bf8 24.a4 Rxe6 25.Rac1 Rd8 26.Rc7 Re7 27.Rc6 Kf7 28.Kf1 Rd5
29.Ke2 Red7 30.Rec1 h5 31.R1c4 Bd6 32.Rxe4 Rc7 33.Rxc7+ Bxc7 34.Rc4 Bd8 35.Rc6 Rd7
36.Kf3 Rc7 37.Rxc7+ Bxc7 38.Ke4 Ke6 39.Bd2 Bd6 40.Bc3 Bc7 41.f3 Bd6 42.a5 bxa5
43.Bxa5 Bb8 44.Bd2 Bc7 45.Bc3 Bd6 46.Be1 Bc7 47.Bg3 Bd6 48.Bf2 Bb8 49.Bc5 Kf6
50.Bf2 Ke6 51.Be3 Kf6 52.h3 Ke6 53.Bc5 Kf6 54.Bf2 Ke6 55.Be3 Kf6 56.Kd5 Kf5
57.g4+ hxg4 58.hxg4+ Kf6 59.Bf2 Kg5 60.Bg3 Kf6 61.Bh4+ Kf7 62.Bd8  1-0

[Event "3rd XtraCon EMT"]
[Site "Borup DEN"]
[Date "2008.09.11"]
[Round "5"]
[White "De Verdier,M"]
[Black "Madsen,PH"]
[Result "1-0"]
[WhiteElo "2222"]
[BlackElo "2111"]

1.d4 Nf6 2.Nf3 g6 3.c4 Bg7 4.Nc3 O-O 5.e4 d6 6.Be2 e5 7.O-O Nc6 8.d5 Ne7
9.b4 Nh5 10.Re1 f5 11.Ng5 Nf6 12.Bf3 c6 13.Bb2 Bh6 14.Ne6 Bxe6 15.dxe6 a5
16.b5 Qc7 17.Bc1 f4 18.bxc6 bxc6 19.Qe2 c5 20.Rd1 Rfd8 21.Nd5 Nfxd5 22.cxd5 Rdb8
23.Qc2 Bg7 24.Bd2 Bf6 25.Rab1 Nc8 26.Rxb8 Rxb8 27.Rb1 Bd8 28.Be2 Kf8 29.g3 g5
30.Kg2 Ne7 31.Bxa5 Qa7 32.Rxb8 Qxb8 33.Bxd8 Qxd8 34.Qa4 Ng8 35.Qa7 Ne7 36.a4 Qe8
37.Qd7 Qb8 38.Bb5 g4 39.gxf4 exf4 40.e5 f3+ 41.Kg1 Qc8 42.exd6  1-0

[Event "I Liga Seniorow"]
[Site "Ustron POL"]
[Date "2008.09.11"]
[Round "6"]
[White "Talla,V"]
[Black "Szelag,M"]
[Result "0-1"]
[WhiteElo "2407"]
[BlackElo "2474"]

1.d4 Nf6 2.c4 g6 3.Nc3 Bg7 4.e4 d6 5.Nf3 O-O 6.Be2 e5 7.O-O Nc6 8.d5 Ne7
9.Ne1 Nd7 10.Nd3 f5 11.Bd2 Nf6 12.f3 f4 13.c5 g5 14.Rc1 Ng6 15.cxd6 cxd6
16.Nb5 Rf7 17.Qc2 Ne8 18.a4 h5 19.Nf2 Bf8 20.h3 Rg7 21.Qb3 Nh4 22.Rc2 a6
23.Na3 Nf6 24.Be1 g4 25.fxg4 hxg4 26.hxg4 Nxg4 27.Rxc8 Nxf2 28.Bxf2 Rxc8
29.Qh3 Nxg2 30.Bg4 Ne3 31.Bxe3 Qd7  0-1

[Event "II ROMGAZ Open"]
[Site "Bucharest ROU"]
[Date "2008.09.12"]
[Round "2"]
[White "Solcanean,S"]
[Black "Bachmann,Ax"]
[Result "1/2-1/2"]
[WhiteElo "2162"]
[BlackElo "2511"]

1.d4 Nf6 2.c4 g6 3.Nc3 Bg7 4.e4 d6 5.Be2 O-O 6.Nf3 e5 7.O-O Nc6 8.d5 Ne7
9.Ne1 Nd7 10.Nd3 f5 11.Bd2 Nf6 12.f3 f4 13.c5 g5 14.Rc1 Ng6 15.cxd6 cxd6
16.Nb5 Ne8 17.Qc2 Rf7 18.a4 h5 19.Nf2 Nh4 20.h3 Bd7 21.a5 a6 22.Na3 b5 23.axb6 Qxb6
24.Nc4 Qa7 25.Na5 g4 26.fxg4 f3 27.gxf3 Nxf3+ 28.Bxf3 Rxf3 29.Kg2 Rf7 30.Nc6 Qb6
31.b4 hxg4 32.Nxg4 Nf6 33.Be3 Qb5 34.Nxf6+ Bxf6 35.Qc4 Kh8 36.Rf3 Rg8+ 37.Kh2 Qa4
38.Qc2 Qb5 39.Qc4 Qb7 40.Rg1 Rxg1 41.Bxg1 Qc8 42.Qc3 Qg8 43.Qd3 Bg5 44.Rxf7 Qxf7
45.Kg2 Qg6 46.Kh1 Qh7 47.Kg2 Be8 48.Qf3 Bf4 49.Kf1 Bh5 50.Qg2 Qb7 51.Qc2 Bg6
52.Qe2 Qf7 53.Ke1 Bh5 54.Qg2 Kh7 55.Bb6 Qb7 56.Ba5 Qf7 57.Bd8 Bh6 58.Bg5 Bf8
59.Qg3 Qf3 60.Qxf3 Bxf3 61.Be7 Kg7 62.Bxf8+ Kxf8 63.Nb8 Bxe4 64.Nxa6 Bxd5
65.Nc7 Bc4 66.b5 Ke7 67.b6 Kd7 68.h4 Kc6 69.h5 Kxb6 70.h6 Bd3 71.Ne8 Kc5
72.Nf6  1/2-1/2

[Event "4th ch-EU"]
[Site "Liverpool ENG"]
[Date "2008.09.12"]
[Round "4"]
[White "Pileckis,E"]
[Black "Zhou,Y"]
[Result "1-0"]
[WhiteElo "2443"]
[BlackElo "2259"]

1.Nf3 Nf6 2.c4 g6 3.Nc3 Bg7 4.e4 d6 5.d4 O-O 6.Be2 e5 7.O-O Nc6 8.d5 Ne7
9.b4 a5 10.Ba3 axb4 11.Bxb4 Nd7 12.a4 Bh6 13.Nd2 f5 14.a5 Kh8 15.Ra3 Rf6
16.Nb3 Nb8 17.c5 fxe4 18.cxd6 cxd6 19.Nxe4 Rf4 20.Nxd6 Na6 21.Bxa6 Rxa6 22.Nxc8 Rxb4
23.Qe1 Nxd5 24.Nc5 Ra8 25.Ne6 Qf6 26.Nc7 Nxc7 27.Qxb4 Rxc8 28.Rc3 Qa6 29.Qb6 Bf4
30.g3  1-0

[Event "Team Match FIN-SWE"]
[Site "Mariehamn FIN"]
[Date "2008.09.13"]
[Round "1"]
[White "Sammalvuo,T"]
[Black "Ziegler,A"]
[Result "1/2-1/2"]
[WhiteElo "2468"]
[BlackElo "2352"]

1.Nf3 Nf6 2.c4 g6 3.Nc3 Bg7 4.e4 d6 5.d4 O-O 6.Be2 e5 7.O-O Nc6 8.d5 Ne7
9.b4 Kh8 10.Nd2 Nd7 11.c5 dxc5 12.bxc5 Nxc5 13.Ba3 b6 14.Bxc5 bxc5 15.Nb3 Qd6
16.Nb5 Qb6 17.d6 cxd6 18.Qxd6 Nc6 19.Nc7 Rb8 20.Nd5 Rd8 21.Qxc5 Qxc5 22.Nxc5 Bf8
23.Rfc1 Nd4 24.Bd1 f5 25.f3 fxe4 26.fxe4 Bb7 27.Nxb7 Rxb7 28.Rab1 Rf7 29.Rc7 Rxc7
30.Nxc7 Bc5 31.Kh1 Rf8 32.Bg4 Rf4 33.Bf3 Rf7 34.Rb8+ Kg7 35.Ne8+ Kh6 36.Rc8 Bb4
37.Rc4 a5 38.Nc7 Nxf3 39.gxf3 Rxf3 40.Nd5 Bd2 41.Rc2 Rd3 42.Kg2 Kg5 43.Rc7 h5
44.Rc6 Bb4 45.Re6 Rd2+ 46.Kh3 Rd3+ 47.Kg2 Rd2+ 48.Kh3 Kh6 49.Nxb4 axb4 50.Rxe5 Rxa2
51.Rb5 Ra3+ 52.Kg2 Rb3 53.h4 Rb1 54.Rb7 b3 55.e5 Re1  1/2-1/2

[Event "1st Women It"]
[Site "Tashkent UZB"]
[Date "2008.09.13"]
[Round "9"]
[White "Hamrakulova,Y"]
[Black "Levushkina,E"]
[Result "1-0"]
[WhiteElo "2145"]
[BlackElo "2251"]

1.d4 Nf6 2.c4 g6 3.Nc3 Bg7 4.e4 d6 5.Nf3 O-O 6.Be2 e5 7.O-O Nc6 8.d5 Ne7
9.Bd2 Nd7 10.Rc1 a5 11.a3 f5 12.exf5 gxf5 13.Ng5 Nb6 14.f4 e4 15.Be3 h6 16.Nh3 Nd7
17.b4 axb4 18.axb4 Nf6 19.Nf2 Kh8 20.Qd2 Bd7 21.Bd4 Rg8 22.Nfd1 Qe8 23.Ne3 Qg6
24.Ra1 Rxa1 25.Rxa1 Kh7 26.Ra7 Bc8 27.Bd1 c6 28.Ra2 cxd5 29.cxd5 Bd7 30.b5 Bc8
31.b6 Nd7 32.Na4 Qf7 33.Bxg7 Rxg7 34.Kh1 Nf6 35.Nc3 Ng6 36.g3 h5 37.h4 Qg8
38.Kh2 Ne7 39.Nf1 Nexd5 40.Nxd5 Nxd5 41.Rb2 Be6 42.Rb5 Qf7 43.Qd4 Nxf4 44.Qxd6 Bc4
45.Rc5 Bxf1 46.Qxf4 Bd3 47.Rxf5 Qa2+ 48.Kh1 Qa1 49.Rxh5+ Kg8 50.Qb8+ Kf7
51.Qxb7+ Kf8 52.Rh8+ Rg8 53.Rxg8+ Kxg8 54.Qb8+  1-0

[Event "II ROMGAZ Open"]
[Site "Bucharest ROU"]
[Date "2008.09.14"]
[Round "4"]
[White "Stefanache,M"]
[Black "Barzanu,I"]
[Result "0-1"]
[WhiteElo "2098"]
[BlackElo "2246"]

1.d4 Nf6 2.c4 g6 3.Nc3 Bg7 4.e4 d6 5.Nf3 O-O 6.Be2 e5 7.O-O Nc6 8.d5 Ne7
9.Ne1 Ne8 10.Be3 f5 11.f3 f4 12.Bf2 g5 13.c5 Rf7 14.Nd3 Bf8 15.cxd6 cxd6
16.Rc1 h5 17.h3 Rg7 18.Nb5 Ng6 19.a4 a6 20.Na3 Nf6 21.Nc4 g4 22.hxg4 hxg4
23.fxg4 Nxe4 24.a5 Ng3 25.Be1 Rh7 26.Nf2 e4 27.Nh3 Nxf1 28.Bxf1 f3 29.gxf3 Nh4
30.fxe4 Bxg4 31.Qxg4+ Rg7 32.Qxg7+ Bxg7 33.Bg3 Nf3+ 34.Kh1 Rc8 35.Be2 Ne5
36.Bxe5 Bxe5 37.Rg1+ Kh8 38.Ng5 Qf6 39.Nh3 Qh4 40.Bf1  0-1

[Event "4th ch-EU"]
[Site "Liverpool ENG"]
[Date "2008.09.14"]
[Round "6"]
[White "Pileckis,E"]
[Black "White,Mi"]
[Result "1-0"]
[WhiteElo "2443"]
[BlackElo "2289"]

1.Nf3 Nf6 2.c4 g6 3.Nc3 Bg7 4.e4 d6 5.d4 O-O 6.Be2 e5 7.O-O Nc6 8.d5 Ne7
9.b4 Nh5 10.Re1 f5 11.Ng5 Nf6 12.Bf3 c6 13.Bb2 h6 14.Ne6 Bxe6 15.dxe6 fxe4
16.Nxe4 Nxe4 17.Rxe4 d5 18.cxd5 cxd5 19.Rxe5 Bxe5 20.Bxe5 Kh7 21.Qd2 Rf5
22.Bb2 Qg8 23.Re1 Rd8 24.Qe3 Nc6 25.Qa3 a6 26.Bg4 Rf4 27.e7 Rxg4 28.exd8=Q Qxd8
29.Qf3 Qd7 30.Qf6 d4 31.h3 Rg5 32.Bxd4 Qxd4 33.Re7+ Nxe7 34.Qxd4 Rd5 35.Qf6 Rd7
36.Qf7+  1-0

[Event "IV Geller Memorial"]
[Site "Odessa UKR"]
[Date "2008.09.14"]
[Round "6"]
[White "Mamedov,A"]
[Black "Andrenko,I"]
[Result "1/2-1/2"]
[WhiteElo "2094"]
[BlackElo "2213"]

1.Nf3 d6 2.d4 g6 3.c4 Bg7 4.Nc3 Nf6 5.e4 O-O 6.Be2 e5 7.O-O Nc6 8.d5 Ne7
9.Ne1 Ne8 10.Nd3 f5 11.f3 f4 12.Bd2 g5 13.Rc1 Ng6 14.c5 Rf7 15.cxd6 cxd6
16.Nf2 Bf8 17.Qb3 Nh4 18.Nb5 h5 19.h3 Rg7 20.Rc2 a6 21.Nc3 Nf6 22.Be1 g4
23.fxg4 hxg4 24.hxg4 b6 25.Nb1 Raa7 26.Nd2 Nxg4 27.Rxc8 Qxc8 28.Qh3 Nxf2
29.Qxh4 Nh3+ 30.Kh2 Rh7 31.Bh5 Be7 32.Qxh3 Qxh3+ 33.gxh3 Rxh5 34.Nc4 Rc7
35.Nxb6 Rc2+ 36.Rf2 Rxf2+ 37.Bxf2 Bh4 38.Bxh4 Rxh4 39.Nc4 Rh6 40.b4 Kf7 41.a4 Ke7
42.b5 axb5 43.axb5 Rg6 44.b6 Kd7 45.h4 Kc8 46.Kh3 Kb7 47.h5 Rf6 48.Kg2 Rh6
49.Kf3 Rf6 50.Ke2 Kc8 51.Kf3 Kd7 52.Na5 Rf8 53.Nc6 Kc8 54.Na5 Rh8 55.Nc4 Kd7
56.Kg4 Rg8+ 57.Kf5 f3 58.h6 f2 59.Nd2 Rf8+ 60.Kg6 f1=Q 61.Nxf1 Rxf1 62.h7 Rh1
63.Kg7 Rg1+ 64.Kf7 Rh1 65.Kg7 Rg1+ 66.Kf7 Rf1+ 67.Kg8 Rg1+ 68.Kf7 Rh1 69.Kg7 Rg1+  1/2-1/2

[Event "II ROMGAZ Open"]
[Site "Bucharest ROU"]
[Date "2008.09.15"]
[Round "5"]
[White "Manolache,M"]
[Black "Bach,A"]
[Result "1-0"]
[WhiteElo "2521"]
[BlackElo "2226"]

1.d4 Nf6 2.c4 g6 3.Nc3 Bg7 4.e4 d6 5.Nf3 O-O 6.Be2 e5 7.O-O Nc6 8.d5 Ne7
9.a4 Ne8 10.a5 c5 11.Bd2 f5 12.Ne1 Nf6 13.f3 f4 14.Nd3 h5 15.Qb1 g5 16.b4 cxb4
17.Qxb4 g4 18.c5 g3 19.hxg3 fxg3 20.Bg5 Ng6 21.f4 exf4 22.Nxf4 Nxf4 23.Bxf4 dxc5
24.Qc4 Nxe4 25.d6+ Kh8 26.Nxe4 Rxf4 27.Rxf4 Bxa1 28.Qxc5 Be6 29.Qxh5+ Kg7
30.Ng5 Qg8 31.Nxe6+ Qxe6 32.Qg5+  1-0

[Event "EYb12"]
[Site "Herceg Novi MNE"]
[Date "2008.09.15"]
[Round "1"]
[White "Menezes,C"]
[Black "Chigaev,M"]
[Result "0-1"]
[WhiteElo "1750"]
[BlackElo "2111"]

1.d4 Nf6 2.c4 g6 3.Nc3 Bg7 4.e4 d6 5.Nf3 O-O 6.Be2 e5 7.O-O Nc6 8.d5 Ne7
9.b4 Nh5 10.Re1 f5 11.Ng5 Nf4 12.Bf1 h6 13.Ne6 Bxe6 14.dxe6 Nxe6 15.c5 Nd4
16.Bc4+ Kh8 17.f3 fxe4 18.fxe4 c6 19.Ba3 dxc5 20.bxc5 Qa5 21.Qc1 Qc7 22.Ne2 b5
23.Nxd4 exd4 24.Be6 Qe5 25.Bb3 d3 26.Rb1 Qd4+ 27.Qe3 Rad8 28.Bb2 d2  0-1

[Event "4th Pichay Cup"]
[Site "Manila PHI"]
[Date "2008.09.15"]
[Round "2"]
[White "Pascua,H"]
[Black "Wan Yunguo"]
[Result "0-1"]
[WhiteElo "2174"]
[BlackElo "2471"]

1.d4 Nf6 2.c4 g6 3.Nc3 Bg7 4.e4 d6 5.Nf3 O-O 6.Be2 e5 7.O-O Nc6 8.d5 Ne7
9.b4 a5 10.Ba3 Nd7 11.bxa5 Rxa5 12.Bb4 Ra6 13.a4 f5 14.Nd2 Kh8 15.Nb3 Nf6
16.c5 fxe4 17.Bxa6 bxa6 18.Na5 Bg4 19.Qd2 Qd7 20.Nc4 Nf5 21.cxd6 cxd6 22.Nb6 Qd8
23.a5 Nd4 24.Rae1 Bf3 25.h3 Nh5 26.Nxe4 Nf4 27.Bc3 Bxe4 28.Rxe4 Nf3+  0-1

[Event "EYb18"]
[Site "Herceg Novi MNE"]
[Date "2008.09.16"]
[Round "2"]
[White "Khojayan,V"]
[Black "Pasku,L"]
[Result "1-0"]
[WhiteElo "2286"]
[BlackElo "2086"]

1.d4 Nf6 2.c4 g6 3.Nf3 Bg7 4.Nc3 d6 5.e4 O-O 6.Be2 e5 7.O-O Nc6 8.Be3 Ng4
9.Bg5 f6 10.Bc1 f5 11.Bg5 Qe8 12.d5 Ne7 13.Nb5 Qd8 14.c5 a6 15.cxd6 cxd6
16.Nc3 h6 17.Bxe7 Qxe7 18.Nd2 Nf6 19.Rc1 h5 20.exf5 Bxf5 21.Nc4 Bh6 22.Ne3 Bd7
23.Na4 Qd8 24.Qb3 b5 25.Nc3 Ng4 26.Bxg4 hxg4 27.Ne4 Bf5 28.Qd3 Ra7 29.Rc6 Rh7
30.Nxf5 gxf5 31.Nxd6 Bf4 32.g3 e4 33.Nxe4 fxe4 34.Qxe4 Bg5 35.Qxg4 Rg7 36.Qe6+ Kh8
37.Rd1 Rgf7 38.Qh3+ Kg7 39.Qh5 Bf6 40.Rd4 Rg8 41.Rg4+  1-0

[Event "4th ch-EU"]
[Site "Liverpool ENG"]
[Date "2008.09.16"]
[Round "8"]
[White "Carleton,J"]
[Black "Priborsky,J"]
[Result "0-1"]
[WhiteElo "2305"]
[BlackElo "2344"]

1.d4 Nf6 2.c4 g6 3.Nc3 Bg7 4.e4 d6 5.Nf3 O-O 6.Be2 e5 7.O-O Nc6 8.d5 Ne7
9.Bg5 Nh5 10.Ne1 Nf4 11.Nd3 Nxe2+ 12.Qxe2 f6 13.Bd2 f5 14.f4 exf4 15.Nxf4 c6
16.Kh1 fxe4 17.Nxe4 Nf5 18.Qd3 Bxb2 19.Rab1 Be5 20.Ne6 Bxe6 21.dxe6 Qe7 22.Bg5 Qxe6
23.Rxb7 d5 24.cxd5 Qxd5 25.Rd7 Qxd3 26.Rxd3 h6 27.Bd2 Nd6 28.Rxf8+ Rxf8 29.Ng3 Ne4
30.Kg1 Nxd2 31.Rxd2 Rf4 32.Ne2 Ra4 33.g3 Kf7 34.Nc1 c5 35.Kf1 c4 36.Ke2 Ke6
37.Kd1 Rb4 38.Rc2 Kd5 39.Rd2+ Ke6 40.Rd8 Rb2 41.Re8+ Kd5 42.Rg8 c3 43.Ne2 Rd2+
44.Ke1 Rxa2 45.Kd1 Rd2+ 46.Ke1 Ke4 47.Rxg6 Ke3  0-1

[Event "II ROMGAZ Open"]
[Site "Bucharest ROU"]
[Date "2008.09.18"]
[Round "8"]
[White "Bonte,An"]
[Black "Zaim,M"]
[Result "1-0"]
[WhiteElo "2301"]
[BlackElo "2170"]

1.d4 Nf6 2.c4 g6 3.Nc3 Bg7 4.e4 d6 5.Nf3 O-O 6.Be2 e5 7.O-O Nc6 8.d5 Ne7
9.b4 Nh5 10.Re1 f5 11.Ng5 Nf6 12.Bf3 c6 13.Bb2 cxd5 14.cxd5 Bh6 15.Ne6 Bxe6
16.dxe6 fxe4 17.Nxe4 Nxe4 18.Rxe4 Qb6 19.Qb3 Rad8 20.Rd1 Bg7 21.Re2 Bh6 22.a4 Rf4
23.a5 Qxb4 24.Qxb4 Rxb4 25.Bxe5 Bg7 26.Bg3 Bf6 27.Rc2 Rb5 28.Rc7 d5 29.Rd7 Re8
30.Bc7 b6 31.axb6 axb6 32.g3 Rb3 33.Kg2 d4 34.h4 Rb2 35.h5 Nf5 36.Kg1 Ne7
37.Be4 b5 38.Rd3 Re2 39.f3 Rb2 40.h6 b4 41.g4 Bg5 42.R7xd4 Bxh6 43.Rd8 Rb1+
44.Kg2 Rb2+ 45.Kg3 Rxd8 46.Rxd8+ Bf8 47.Bd6  1-0

[Event "EYb18"]
[Site "Herceg Novi MNE"]
[Date "2008.09.18"]
[Round "4"]
[White "Lichmann,P"]
[Black "Dobrev,Nay"]
[Result "1-0"]
[WhiteElo "2375"]
[BlackElo "2081"]

1.d4 Nf6 2.c4 g6 3.Nc3 d6 4.e4 Bg7 5.Be2 O-O 6.Nf3 e5 7.O-O Nc6 8.Be3 Ng4
9.Bg5 f6 10.Bh4 g5 11.Bg3 Nh6 12.dxe5 fxe5 13.h3 Nf7 14.Ne1 Nd4 15.Bg4 Nh8
16.Nc2 c6 17.Ne2 Qf6 18.Ne3 Ng6 19.Rc1 Nf4 20.Nxd4 exd4 21.Bxc8 dxe3 22.fxe3 Raxc8
23.exf4 gxf4 24.Bxf4 Qxb2 25.Rb1 Qxa2 26.Rxb7 Qxc4 27.Qg4 Qd4+ 28.Kh1 Rb8
29.Rc7 h5 30.Qg5 Rb5 31.e5 Qxe5 32.Bxe5  1-0

[Event "EYb12"]
[Site "Herceg Novi MNE"]
[Date "2008.09.18"]
[Round "4"]
[White "Boskovic,Mak"]
[Black "Torosyan,N"]
[Result "1/2-1/2"]
[WhiteElo "1864"]
[BlackElo "1988"]

1.d4 Nf6 2.c4 g6 3.Nc3 Bg7 4.e4 d6 5.Nf3 O-O 6.Be2 e5 7.O-O Nc6 8.d5 Ne7
9.Bd2 Ne8 10.Rc1 f5 11.Qb3 f4 12.Ng5 Nxd5 13.Nxd5 Qxg5 14.c5 Kh8 15.cxd6 cxd6
16.Kh1 Qd8 17.Rc2 Nf6 18.Nxf6 Rxf6 19.Rfc1 b6 20.Bc4  1/2-1/2

[Event "4th Pichay Cup"]
[Site "Manila PHI"]
[Date "2008.09.18"]
[Round "7"]
[White "Nguyen Anh Dung"]
[Black "Branzuela,A"]
[Result "1-0"]
[WhiteElo "2499"]
[BlackElo "2209"]

1.d4 Nf6 2.c4 g6 3.Nc3 Bg7 4.e4 d6 5.Nf3 O-O 6.Be2 e5 7.O-O Nc6 8.Be3 Ng4
9.Bg5 f6 10.Bh4 g5 11.Bg3 Nh6 12.d5 Ne7 13.Rc1 Ng6 14.Nd2 f5 15.exf5 Nxf5
16.Nde4 Nf4 17.Bg4 Nd4 18.Bxc8 Rxc8 19.Bxf4 gxf4 20.Nb5 f3 21.Nxd4 exd4 22.Re1 Qh4
23.Qd3 Be5 24.g3 Qh3 25.Qf1 Qh6 26.c5 Kh8 27.cxd6 cxd6 28.Rxc8 Rxc8 29.Qd3 Rc1
30.Rd1 Rxd1+ 31.Qxd1 Qh5 32.Nd2 d3 33.Nxf3 Qf5 34.Ne1 Bd4 35.Nxd3 Qxd5 36.Qg4 Bf6
37.Qc8+ Kg7 38.Nf4 Qe4 39.Nh5+ Kg6 40.Nxf6 Kxf6 41.Qf8+ Kg5 42.h4+ Kg4 43.Qxd6 Qe1+
44.Kg2 Qe4+ 45.Kh2 Kf3 46.Qd2 h5 47.b4 Qc4 48.Qe3+  1-0

[Event "5th Highlands Open A"]
[Site "Zdar nad Sazavou CZE"]
[Date "2008.09.25"]
[Round "6"]
[White "Cifka,S"]
[Black "Vokac,M"]
[Result "0-1"]
[WhiteElo "2439"]
[BlackElo "2451"]

1.d4 g6 2.c4 Bg7 3.e4 d6 4.Nc3 Nf6 5.Be2 O-O 6.Nf3 e5 7.O-O Nc6 8.d5 Ne7
9.b4 c6 10.Nd2 cxd5 11.cxd5 Ne8 12.Nc4 f5 13.f3 f4 14.Bd2 g5 15.Be1 Ng6 16.Bf2 Bd7
17.a4 Rf7 18.Na5 Nf6 19.Nb5 Bxb5 20.axb5 g4 21.Ra3 g3 22.Be1 gxh2+ 23.Kxh2 Nh5
24.Rh1 Bf6 25.Kg1 Bh4 26.Bxh4 Nxh4 27.Nc4 Rg7 28.Bf1 Ng3 29.Rh2 Rc8 30.Qc2 Rgc7
31.Bd3 Rxc4  0-1

[Event "TCh-NED 2008-9"]
[Site "Netherlands NED"]
[Date "2008.09.27"]
[Round "1"]
[White "Dambacher,M"]
[Black "Broekmeulen,Ja"]
[Result "1-0"]
[WhiteElo "2485"]
[BlackElo "2325"]

1.d4 d6 2.Nf3 Nf6 3.c4 g6 4.Nc3 Bg7 5.e4 O-O 6.Be2 e5 7.O-O Nc6 8.d5 Ne7
9.Ne1 Nd7 10.Be3 f5 11.f3 f4 12.Bf2 g5 13.Rc1 Rf6 14.Nd3 Rh6 15.Be1 Rg6 16.g4 fxg3
17.hxg3 h5 18.b4 h4 19.g4 Nf6 20.c5 Bh6 21.Nb5 Ne8 22.Bf2 Bd7 23.a4 a6 24.Na3 Rg7
25.Nc4 Ng6 26.cxd6 cxd6 27.Nb6 Rb8 28.Nb2 Nf4 29.Kh2 Nf6 30.b5 Rf7 31.N2c4 Bf8
32.Nxd7 Nxd7 33.Ne3 axb5 34.Bxb5 Nc5 35.Nf5 b6 36.Rc3 Ra8 37.Bc6 Ra5 38.Qc2 Rfa7
39.Rb1 Nxa4 40.Bxa4 Rxa4 41.Bxb6 Qa8 42.Bxa7 Qxa7 43.Rc7 Qa8 44.Rc8 Qa6 45.Rxf8+ Kxf8
46.Rb8+ Kf7 47.Qc7+ Kf6 48.Qg7+  1-0

[Event "Tatry Open"]
[Site "Tatranske Zruby SVK"]
[Date "2008.09.27"]
[Round "1"]
[White "Rachela,M"]
[Black "Kincel,J"]
[Result "1-0"]
[WhiteElo "2338"]
[BlackElo "1987"]

1.Nf3 Nf6 2.c4 g6 3.Nc3 Bg7 4.e4 d6 5.d4 O-O 6.Be2 e5 7.O-O Nc6 8.d5 Ne7
9.Bg5 h6 10.Bxf6 Bxf6 11.b4 a5 12.a3 b6 13.Rc1 Kg7 14.c5 Bg5 15.Nxg5 hxg5
16.Qd2 Ng8 17.cxd6 cxd6 18.Nb5 Nf6 19.Bd3 Nh5 20.Rc6 g4 21.g3 Nf4 22.gxf4 Qh4
23.fxe5 dxe5 24.Qe3 Rh8 25.Qg3 Qg5 26.f4 Qe7 27.Rc7  1-0

[Event "ch-Commonwealth"]
[Site "Nagpur IND"]
[Date "2008.09.28"]
[Round "1"]
[White "Kamble,V"]
[Black "Sweety,P"]
[Result "1-0"]
[WhiteElo "2376"]
[BlackElo "1902"]

1.Nf3 Nf6 2.c4 g6 3.Nc3 Bg7 4.e4 d6 5.d4 O-O 6.Be2 e5 7.O-O Nc6 8.d5 Ne7
9.b4 Nh5 10.Re1 f5 11.Ng5 Nf4 12.Bxf4 exf4 13.Rc1 Bh6 14.Ne6 Bxe6 15.dxe6 fxe4
16.Nxe4 f3 17.Bxf3 Bxc1 18.Qxc1 Nc6 19.Nc3 Rxf3 20.gxf3 Ne5 21.Qe3 Qf6 22.f4 Nxc4
23.Qd3 Qxf4 24.Nd5 Qg5+ 25.Kh1 Ne5 26.Qe4 Ng4 27.Re2 Qc1+ 28.Kg2 Qg5 29.Kh3 h5
30.e7 Kh7 31.Qe6 Ne5 32.f4 Qg1 33.fxe5 Qf1+ 34.Rg2 Qf3+ 35.Rg3 Qf1+ 36.Rg2 Qf3+
37.Rg3 Qf1+ 38.Kh4 g5+ 39.Kxh5 Qe2+ 40.Rg4 Qxh2+ 41.Kxg5 Rg8+ 42.Qxg8+ Kxg8
43.e8=Q+ Kg7 44.Kf5+ Kh7 45.Nf6+ Kh6 46.Qg6+  1-0

[Event "ch-Commonwealth"]
[Site "Nagpur IND"]
[Date "2008.09.29"]
[Round "2"]
[White "De Silva,O"]
[Black "Soumya,Sw"]
[Result "0-1"]
[WhiteElo "2022"]
[BlackElo "2293"]

1.d4 Nf6 2.c4 g6 3.Nc3 Bg7 4.e4 d6 5.Nf3 O-O 6.Be2 e5 7.O-O Nc6 8.d5 Ne7
9.Ne1 Nd7 10.Be3 f5 11.f3 f4 12.Bf2 g5 13.b4 Rf6 14.c5 a6 15.a4 Rh6 16.Nd3 Qe8
17.Kh1 Nf6 18.cxd6 cxd6 19.b5 Qg6 20.g4 fxg3 21.Bxg3 Nh5 22.Rg1 Qf6 23.bxa6 bxa6
24.Rb1 Ng6 25.a5 Ngf4 26.Rb6 g4 27.fxg4 Nxg3+ 28.Rxg3 Rxh2+ 29.Kxh2 Qh4+
30.Kg1 Qxg3+ 31.Kf1 Ng2 32.Qd2 Ne3+  0-1

[Event "17th CRO-chT 1b"]
[Site "Sibenik CRO"]
[Date "2008.09.29"]
[Round "3"]
[White "Ramesa,D"]
[Black "Grgurevic,B"]
[Result "1-0"]
[WhiteElo "2306"]
[BlackElo "2219"]

1.Nf3 Nf6 2.c4 g6 3.Nc3 Bg7 4.e4 d6 5.d4 O-O 6.Be2 e5 7.O-O Nc6 8.d5 Ne7
9.b4 Nh5 10.Re1 Nf4 11.Bxf4 exf4 12.Qd2 h6 13.Rad1 Bg4 14.Nd4 Bxe2 15.Ncxe2 g5
16.c5 Bxd4 17.Nxd4 Ng6 18.Nf5 Kh7 19.b5 Qf6 20.cxd6 cxd6 21.f3 Rfc8 22.Rc1 Ne7
23.Nxe7 Qxe7 24.Qd4 a6 25.b6 Kg6 26.h3 f6 27.Kh2 Qd7 28.Qb2 Rxc1 29.Rxc1 Rc8
30.Qa3 Rxc1 31.Qxc1 Kf7 32.Qc7 Ke7 33.Qb8 h5 34.Qh8 Qe8 35.Qh7+ Qf7 36.Qf5 Kd8
37.h4 Qe7 38.Qg6 Kd7 39.Qxh5 Qg7 40.Qg4+ Kd8 41.Qe6 Qe7 42.Qxe7+ Kxe7 43.hxg5 fxg5
44.Kh3 Kf6 45.Kg4 Kg6 46.g3 Kh6 47.e5  1-0

[Event "ch-Commonwealth"]
[Site "Nagpur IND"]
[Date "2008.09.30"]
[Round "3"]
[White "Bhagwat,V"]
[Black "Satvik,M"]
[Result "1-0"]
[WhiteElo "2187"]
[BlackElo "1891"]

1.d4 Nf6 2.c4 g6 3.Nc3 Bg7 4.e4 d6 5.Nf3 O-O 6.Be2 e5 7.O-O Nc6 8.d5 Ne7
9.b4 Ne8 10.a4 f5 11.Ng5 Rf6 12.c5 h6 13.Ne6 Bxe6 14.dxe6 fxe4 15.Qb3 d5
16.Rd1 c6 17.Nxe4 Rxe6 18.Bg4 Nf5 19.Qh3 Qe7 20.Ng3 Rf6 21.Bxf5 gxf5 22.Nxf5 Qf8
23.Nxg7 Qxg7 24.Ra3 Kh7 25.Rg3 Qf7 26.Re1 e4 27.f3 Ng7 28.fxe4 dxe4 29.Bb2 Rg6
30.Rf1 Qe7 31.Rxg6 Kxg6 32.Rf6+ Qxf6 33.Bxf6 Kxf6 34.Qxh6+  1-0

[Event "ch-Commonwealth"]
[Site "Nagpur IND"]
[Date "2008.09.30"]
[Round "4"]
[White "Girish,A"]
[Black "Santhosbaala,R"]
[Result "1/2-1/2"]
[WhiteElo "2108"]
[BlackElo "1915"]

1.d4 Nf6 2.Nf3 g6 3.c4 Bg7 4.Nc3 O-O 5.e4 d6 6.Be2 e5 7.O-O Nc6 8.d5 Ne7
9.b4 c6 10.Ne1 a5 11.Rb1 axb4 12.Rxb4 cxd5 13.cxd5 Nd7 14.Nd3 f5 15.f3 f4
16.a4 g5 17.Ba3 Ng6 18.Rb1 Nf6 19.Qb3 Ne8 20.Qb6 Qf6 21.Rfc1 h5 22.Nb5 Ra6
23.Qf2 Bd7 24.Nb2 g4 25.Nc7 g3 26.hxg3 fxg3 27.Qxg3 Bh6 28.Nxe8 Rxe8 29.Rc7 Bf4
30.Qe1 Qg5 31.Rxd7 Bd2 32.Qxd2 Qxd2 33.Bxa6 bxa6 34.Nc4 Qd4+ 35.Kh2 Qxc4
36.Rbb7 Re7 37.Rxe7 Nxe7 38.Rxe7 Qc3 39.Bxd6 Qe1 40.Rxe5 Qh4+ 41.Kg1 Qe1+
42.Kh2 Qh4+ 43.Kg1 Qe1+  1/2-1/2

[Event "17th CRO-chT 1a"]
[Site "Sibenik CRO"]
[Date "2008.09.30"]
[Round "4"]
[White "Doric,D"]
[Black "Zivkovic,Vj"]
[Result "1/2-1/2"]
[WhiteElo "2492"]
[BlackElo "2429"]

1.d4 Nf6 2.c4 g6 3.Nc3 Bg7 4.e4 d6 5.Nf3 O-O 6.Be2 e5 7.O-O Nc6 8.d5 Ne7
9.Ne1 Nd7 10.Be3 f5 11.f3 f4 12.Bf2 g5 13.a4 a5 14.Nd3 b6 15.Be1 Nf6 16.Nf2 h5
17.h3 Kh8 18.b4 Neg8 19.bxa5 bxa5 20.Nb5 Rf7 21.c5 Bf8 22.cxd6 cxd6 23.Rc1 Rg7
24.Rc6  1/2-1/2

[Event "ch-Commonwealth"]
[Site "Nagpur IND"]
[Date "2008.10.01"]
[Round "5"]
[White "Shoumi,M"]
[Black "Majumdar,C"]
[Result "1/2-1/2"]
[WhiteElo "1790"]
[BlackElo "2050"]

1.d4 Nf6 2.c4 g6 3.Nc3 Bg7 4.e4 d6 5.Nf3 O-O 6.Be2 e5 7.O-O Nc6 8.d5 Ne7
9.b4 Nh5 10.Re1 f5 11.Ng5 Nf6 12.Bf3 c6 13.Bb2 cxd5 14.cxd5 h6 15.Ne6 Bxe6
16.dxe6 fxe4 17.Nxe4 Nxe4 18.Rxe4 d5 19.Rxe5 Bxe5 20.Bxe5 Qb6 21.Bb2 Kh7  1/2-1/2

[Event "ch-Commonwealth"]
[Site "Nagpur IND"]
[Date "2008.10.02"]
[Round "6"]
[White "Gajendra,S"]
[Black "Vishnu,P"]
[Result "1-0"]
[WhiteElo "2159"]
[BlackElo "2341"]

1.Nf3 Nf6 2.d4 g6 3.c4 Bg7 4.Nc3 O-O 5.e4 d6 6.Be2 e5 7.O-O Nc6 8.d5 Ne7
9.Ne1 Nd7 10.Be3 f5 11.f3 f4 12.Bf2 g5 13.Rc1 Ng6 14.c5 Nxc5 15.b4 Na6 16.Nb5 Bd7
17.Nxa7 h5 18.Bxa6 bxa6 19.Qd3 g4 20.Kh1 g3 21.Bg1 Qh4 22.Qxa6 Rfb8 23.Rxc7 Bb5
24.Qxd6 Bxf1 25.Qxg6 Qf6 26.Qxf6 Bxf6 27.Bc5 Bd8 28.d6 Ba6 29.Nc2 h4 30.a4 Bd3
31.Ne1 Be2 32.b5 Bxc7 33.dxc7 Re8 34.Nc2 Kf7 35.h3 Ke6 36.Nb4 Kd7 37.Nd5 Bc4
38.c8=Q+ Raxc8 39.Nxc8 Kxc8 40.Nb6+ Kb8 41.Nxc4 Rc8 42.Nxe5  1-0

[Event "Tatry Open"]
[Site "Tatranske Zruby SVK"]
[Date "2008.10.02"]
[Round "7"]
[White "Tyda,K"]
[Black "Skreno,V"]
[Result "0-1"]
[WhiteElo "2036"]
[BlackElo "2234"]

1.d4 Nf6 2.c4 g6 3.Nc3 Bg7 4.e4 d6 5.Be2 O-O 6.Nf3 e5 7.O-O Nc6 8.d5 Ne7
9.b4 Ne8 10.Qb3 h6 11.c5 f5 12.Bb2 f4 13.Rac1 g5 14.cxd6 cxd6 15.Rc2 g4 16.Nd2 Ng6
17.g3 Rf7 18.Na4 Bd7 19.b5 h5 20.Rfc1 h4 21.Bf1 Qg5 22.Nc4 Bf8 23.Na5 b6
24.Nc6 Rh7 25.Bc4 Nf6 26.Qd3 Qh5 27.Nxa7 Nxe4 28.Qxe4 Bf5 29.Qe2 Raxa7 30.Bd3 hxg3
31.fxg3 fxg3 32.Bxf5 gxh2+ 33.Qxh2 Qxf5 34.Qg2 Nf4 35.Rf2 Qd3 36.Rxf4 exf4
37.Rc2 Qe3+ 38.Kf1 Rh4 39.Nc3 f3 40.Qg1 f2  0-1